000 00212 a2200097 4500
001 59944
100 _a
245 _aFamily Story Collection
260 _aNew York
_bDisnep
_c1998
090 _c36784
_d36784
942 _aNUST-CAE
_cMONOGRAPH
_c29762
999 _c295017
_d295017